000 00338 a2200145 4500
001 169660
020 _a
040 _cMagnum
100 _aMussen, Paul Henry
240 1 0 _aDesarrollo de la personalidad en el nino
_lESP
245 1 0 _aDesarrollo de la personalidad en el nino
362 0 _a1899
697 _aPSICOLOGIA
942 _cBK
999 _c169660
_d169660